[Event "DEM U8 2024"]
[Site "Willingen GER"]
[Date "2024.05.23"]
[Round "3"]
[White "Schulze, Jonas"]
[Black "Peterson, James"]
[Result "0-1"]
[Termination "normal"]
[Board "19"]
[WhiteElo "986"]
[BlackElo "1171"]
[WhiteClock "00:29:51"]
[BlackClock "00:09:33"]
[PlyCount "90"]
[WhiteFideId "34687912"]
[BlackFideId "34692452"]
[EventCountry "GER"]
[EventRounds "7"]
[EventType "swiss"]
[EventDate "2024.05.21"]

1. e4 {[%clk 01:00:28]} {[%emt 00:00:01]} c6 {[%clk 01:00:22]} {[%emt
00:00:09]} 2. d4 {[%clk 01:00:38]} {[%emt 00:00:05]} d5 {[%clk 01:00:28]}
{[%emt 00:00:08]} 3. Nd2 {[%clk 01:00:49]} {[%emt 00:00:04]} dxe4 {[%clk
00:59:59]} {[%emt 00:00:44]} 4. Nxe4 {[%clk 01:00:11]} {[%emt 00:00:10]} Nf6
{[%clk 01:00:09]} {[%emt 00:00:48]} 5. Nxf6+ {[%clk 01:00:18]} {[%emt
00:00:07]} exf6 {[%clk 01:00:12]} {[%emt 00:00:13]} 6. c3 {[%clk 01:00:24]}
{[%emt 00:00:10]} Bd6 {[%clk 00:59:53]} {[%emt 00:00:33]} 7. Bd3 {[%clk
01:00:32]} {[%emt 00:00:08]} O-O {[%clk 00:59:50]} {[%emt 00:00:18]} 8. Qc2
{[%clk 01:00:33]} {[%emt 00:00:13]} Re8+ {[%clk 00:59:06]} {[%emt 00:00:59]} 9.
Ne2 {[%clk 01:00:41]} {[%emt 00:00:07]} g6 {[%clk 00:58:27]} {[%emt 00:00:53]}
10. O-O {[%clk 01:00:50]} {[%emt 00:00:07]} Qc7 {[%clk 00:58:22]} {[%emt
00:00:20]} 11. Ng3 {[%clk 01:00:28]} {[%emt 00:00:37]} Be6 {[%clk 00:56:34]}
{[%emt 00:02:02]} 12. c4 {[%clk 01:00:23]} {[%emt 00:00:21]} b6 {[%clk
00:54:42]} {[%emt 00:02:09]} 13. c5 {[%clk 01:00:06]} {[%emt 00:00:32]} Bf8
{[%clk 00:53:55]} {[%emt 00:01:01]} 14. Be3 {[%clk 00:59:16]} {[%emt 00:01:03]}
b5 {[%clk 00:53:33]} {[%emt 00:00:41]} 15. Rfe1 {[%clk 00:59:10]} {[%emt
00:00:21]} a5 {[%clk 00:52:34]} {[%emt 00:01:13]} 16. Rad1 {[%clk 00:58:30]}
{[%emt 00:00:54]} a4 {[%clk 00:50:38]} {[%emt 00:02:13]} 17. Qd2 {[%clk
00:58:17]} {[%emt 00:00:22]} Bxa2 {[%clk 00:49:22]} {[%emt 00:01:35]} 18. Bf4
{[%clk 00:58:10]} {[%emt 00:00:22]} Rxe1+ {[%clk 00:46:15]} {[%emt 00:03:23]}
19. Rxe1 {[%clk 00:56:56]} {[%emt 00:00:09]} Qd8 {[%clk 00:43:02]} {[%emt
00:04:41]} 20. Ra1 {[%clk 00:55:57]} {[%emt 00:01:19]} Bb3 {[%clk 00:42:40]}
{[%emt 00:00:37]} 21. Bc2 {[%clk 00:55:34]} {[%emt 00:00:39]} Bxc2 {[%clk
00:42:13]} {[%emt 00:00:42]} 22. Qxc2 {[%clk 00:55:43]} {[%emt 00:00:05]} Qxd4
{[%clk 00:41:33]} {[%emt 00:00:56]} 23. Be3 {[%clk 00:54:50]} {[%emt 00:00:22]}
Qe5 {[%clk 00:41:13]} {[%emt 00:01:21]} 24. f4 {[%clk 00:53:35]} {[%emt
00:01:26]} Qxe3+ {[%clk 00:41:20]} {[%emt 00:00:12]} 25. Kh1 {[%clk 00:52:33]}
{[%emt 00:00:10]} Qxf4 {[%clk 00:41:34]} 26. Rf1 {[%emt 00:01:33]} Qe5 {[%emt
00:00:26]} 27. Qf2 {[%clk 00:48:38]} {[%emt 00:03:15]} Nd7 {[%clk 00:41:05]}
{[%emt 00:00:45]} 28. Qf3 {[%clk 00:47:38]} {[%emt 00:01:15]} Rc8 {[%clk
00:40:03]} {[%emt 00:01:13]} 29. Qg4 {[%clk 00:45:04]} {[%emt 00:01:15]} Qe6
{[%clk 00:38:22]} {[%emt 00:03:32]} 30. Qb4 {[%clk 00:42:20]} {[%emt 00:03:01]}
Bxc5 {[%clk 00:37:29]} {[%emt 00:01:07]} 31. Qc3 {[%clk 00:41:56]} {[%emt
00:00:28]} Re8 {[%clk 00:27:01]} {[%emt 00:10:53]} 32. Rd1 {[%clk 00:38:22]}
{[%emt 00:03:44]} Kh8 {[%clk 00:25:27]} {[%emt 00:01:57]} 33. Qd2 {[%clk
00:36:47]} {[%emt 00:01:49]} b4 {[%clk 00:24:00]} {[%emt 00:01:43]} 34. Nf1
{[%clk 00:36:04]} {[%emt 00:00:51]} Nb6 {[%clk 00:16:34]} {[%emt 00:07:47]} 35.
Qc1 {[%clk 00:35:09]} {[%emt 00:01:12]} Qf5 {[%clk 00:14:52]} {[%emt 00:01:56]}
36. Ng3 {[%clk 00:34:31]} {[%emt 00:03:42]} Qe5 {[%clk 00:14:05]} {[%emt
00:01:03]} 37. Nf1 {[%clk 00:34:08]} {[%emt 00:00:39]} a3 {[%clk 00:13:20]}
{[%emt 00:00:57]} 38. bxa3 {[%clk 00:34:05]} {[%emt 00:00:22]} bxa3 {[%clk
00:13:25]} {[%emt 00:00:06]} 39. Nd2 {[%clk 00:33:54]} {[%emt 00:00:25]} Be3
{[%clk 00:12:38]} {[%emt 00:01:03]} 40. Qc2 {[%clk 00:31:00]} {[%emt 00:03:08]}
Bxd2 {[%clk 00:11:49]} {[%emt 00:01:07]} 41. Qxd2 {[%clk 00:31:00]} {[%emt
00:00:15]} a2 {[%clk 00:11:40]} {[%emt 00:00:24]} 42. Qc1 {[%clk 00:30:52]}
{[%emt 00:00:06]} Nd5 {[%clk 00:10:31]} {[%emt 00:01:40]} 43. g3 {[%clk
00:29:58]} {[%emt 00:01:10]} Qe4+ {[%clk 00:10:24]} {[%emt 00:00:22]} 44. Kg1
{[%clk 00:29:55]} {[%emt 00:00:11]} Ne3 {[%clk 00:09:46]} {[%emt 00:00:58]} 45.
Re1 {[%clk 00:29:51]} {[%emt 00:00:19]} Qg2# {[%clk 00:09:33]} {[%emt
00:00:14]} 0-1

[Event "DEM U8 2024"]
[Site "Willingen GER"]
[Date "2024.05.23"]
[Round "3"]
[White "Mukazhanov, Arslan"]
[Black "Liu, Mio Runhan"]
[Result "0-1"]
[Termination "normal"]
[Board "20"]
[WhiteElo "1567"]
[BlackElo "1101"]
[WhiteClock "00:30:20"]
[BlackClock "00:42:46"]
[PlyCount "118"]
[WhiteFideId "34647686"]
[BlackFideId "34678760"]
[EventCountry "GER"]
[EventRounds "7"]
[EventType "swiss"]
[EventDate "2024.05.21"]

1. e4 {[%clk 01:00:28]} {[%emt 00:00:02]} e5 {[%clk 01:00:26]} {[%emt
00:00:04]} 2. Nf3 {[%clk 01:00:34]} {[%emt 00:00:08]} Nc6 {[%clk 01:00:34]}
{[%emt 00:00:08]} 3. Bc4 {[%clk 01:00:33]} {[%emt 00:00:15]} Bc5 {[%clk
01:00:22]} {[%emt 00:00:20]} 4. c3 {[%clk 01:00:36]} {[%emt 00:00:18]} a5
{[%clk 01:00:12]} {[%emt 00:00:23]} 5. d4 {[%emt 00:01:45]} exd4 {[%clk
00:58:56]} {[%emt 00:00:02]} 6. cxd4 {[%clk 01:00:40]} Bb4+ {[%clk 00:58:38]}
{[%emt 00:00:33]} 7. Bd2 {[%clk 00:59:34]} {[%emt 00:01:34]} Nf6 {[%clk
00:58:05]} {[%emt 00:00:44]} 8. Bxb4 {[%clk 00:58:56]} {[%emt 00:00:57]} axb4
{[%clk 00:57:30]} {[%emt 00:00:42]} 9. Nbd2 {[%clk 00:59:02]} {[%emt 00:00:18]}
d5 {[%clk 00:57:00]} {[%emt 00:00:45]} 10. exd5 {[%clk 00:58:20]} {[%emt
00:00:57]} Nxd5 {[%clk 00:56:32]} {[%emt 00:00:35]} 11. O-O {[%clk 00:58:23]}
{[%emt 00:00:20]} O-O {[%emt 00:00:11]} 12. Re1 {[%clk 00:55:07]} {[%emt
00:03:26]} Bg4 {[%clk 00:56:12]} {[%emt 00:00:40]} 13. Qc2 {[%clk 00:53:04]}
{[%emt 00:02:23]} Nf6 {[%clk 00:54:29]} {[%emt 00:01:58]} 14. Ne5 {[%clk
00:47:39]} {[%emt 00:05:41]} Nxd4 {[%clk 00:53:46]} {[%emt 00:00:45]} 15. Bxf7+
{[%clk 00:44:38]} {[%emt 00:03:27]} Rxf7 {[%clk 00:53:46]} {[%emt 00:00:10]}
16. Qc4 {[%clk 00:44:38]} {[%emt 00:00:20]} Be6 {[%clk 00:53:35]} {[%emt
00:00:25]} 17. Nxf7 {[%clk 00:41:40]} {[%emt 00:03:14]} Kxf7 {[%clk 00:53:27]}
{[%emt 00:00:17]} 18. Qc1 {[%clk 00:39:55]} {[%emt 00:02:08]} b3 {[%clk
00:52:46]} {[%emt 00:00:51]} 19. Rf1 {[%clk 00:35:04]} {[%emt 00:05:08]} Ne2+
{[%clk 00:52:32]} {[%emt 00:00:20]} 20. Kh1 {[%clk 00:33:53]} {[%emt 00:05:19]}
Nxc1 {[%clk 00:51:02]} {[%emt 00:01:37]} 21. Nf3 {[%clk 00:33:16]} {[%emt
00:01:00]} Nxa2 {[%clk 00:50:35]} {[%emt 00:00:35]} 22. Ne5+ {[%clk 00:32:58]}
{[%emt 00:00:40]} Kf8 {[%clk 00:50:11]} {[%emt 00:00:27]} 23. f4 {[%clk
00:32:55]} {[%emt 00:00:31]} Qd2 {[%clk 00:49:31]} {[%emt 00:00:43]} 24. Rab1
{[%clk 00:32:30]} {[%emt 00:00:50]} Bd5 {[%clk 00:49:04]} {[%emt 00:00:35]} 25.
Rg1 {[%clk 00:31:39]} {[%emt 00:01:13]} Nc3 {[%clk 00:48:23]} {[%emt 00:00:50]}
26. bxc3 {[%clk 00:29:33]} {[%emt 00:02:26]} b2 {[%clk 00:48:17]} {[%emt
00:00:17]} 27. Nf3 {[%clk 00:29:30]} {[%emt 00:00:24]} Bxf3 {[%clk 00:47:46]}
{[%emt 00:00:31]} 28. gxf3 {[%clk 00:29:14]} {[%emt 00:00:45]} Qd3 {[%clk
00:47:15]} {[%emt 00:00:38]} 29. Rgf1 {[%clk 00:29:21]} {[%emt 00:00:16]} Qxb1
{[%clk 00:46:45]} {[%emt 00:00:36]} 30. Rxb1 {[%clk 00:29:34]} {[%emt
00:00:11]} Ra1 {[%clk 00:46:38]} {[%emt 00:00:15]} 31. Rxa1 {[%clk 00:28:37]}
{[%emt 00:01:19]} bxa1=Q+ {[%clk 00:46:19]} {[%emt 00:00:33]} 32. Kg2 {[%clk
00:28:50]} {[%emt 00:00:04]} Qxc3 {[%clk 00:46:07]} {[%emt 00:00:15]} 33. Kg3
{[%clk 00:28:59]} {[%emt 00:00:16]} Ne4+ {[%clk 00:46:05]} {[%emt 00:00:12]}
34. Kg4 {[%clk 00:29:14]} b5 {[%clk 00:46:00]} {[%emt 00:00:20]} 35. fxe4
{[%clk 00:29:27]} {[%emt 00:00:09]} b4 {[%clk 00:46:02]} {[%emt 00:00:13]} 36.
h4 {[%clk 00:29:26]} {[%emt 00:00:15]} b3 {[%clk 00:46:08]} {[%emt 00:00:09]}
37. f5 {[%clk 00:29:34]} {[%emt 00:00:07]} b2 {[%clk 00:46:13]} {[%emt
00:00:09]} 38. Kf4 {[%clk 00:29:32]} {[%emt 00:00:17]} b1=R {[%clk 00:45:31]}
{[%emt 00:00:52]} 39. h5 {[%clk 00:29:29]} {[%emt 00:00:26]} g5+ {[%clk
00:45:51]} {[%emt 00:00:09]} 40. hxg6 {[%clk 00:29:30]} {[%emt 00:00:14]} hxg6
{[%clk 00:45:35]} {[%emt 00:00:21]} 41. fxg6 {[%clk 00:29:43]} {[%emt
00:00:14]} Rf1+ {[%clk 00:45:35]} {[%emt 00:00:15]} 42. Kg4 {[%clk 00:29:44]}
{[%emt 00:00:13]} Qg7 {[%clk 00:45:16]} {[%emt 00:00:35]} 43. Kg5 {[%clk
00:29:33]} {[%emt 00:00:26]} c5 {[%clk 00:44:56]} {[%emt 00:00:35]} 44. e5
{[%clk 00:29:38]} {[%emt 00:00:10]} c4 {[%clk 00:45:01]} {[%emt 00:00:10]} 45.
e6 {[%clk 00:29:44]} {[%emt 00:00:09]} c3 {[%clk 00:45:04]} {[%emt 00:00:13]}
46. e7+ {[%clk 00:29:52]} {[%emt 00:00:06]} Kxe7 {[%clk 00:44:50]} {[%emt
00:00:18]} 47. Kh5 {[%clk 00:30:05]} {[%emt 00:00:13]} c2 {[%clk 00:44:44]}
{[%emt 00:00:21]} 48. Kg5 {[%clk 00:30:14]} {[%emt 00:00:06]} c1=B+ {[%clk
00:44:27]} {[%emt 00:00:26]} 49. Kh5 {[%clk 00:30:06]} {[%emt 00:00:31]} Rf5+
{[%clk 00:44:41]} {[%emt 00:00:17]} 50. Kh4 {[%clk 00:30:08]} {[%emt 00:00:12]}
Kf6 {[%clk 00:44:23]} {[%emt 00:00:33]} 51. Kh3 {[%clk 00:30:10]} {[%emt
00:00:12]} Bf4 {[%clk 00:44:18]} {[%emt 00:00:20]} 52. Kg4 {[%clk 00:29:52]}
{[%emt 00:00:33]} Qxg6+ {[%clk 00:43:46]} {[%emt 00:00:37]} 53. Kh4 {[%clk
00:30:07]} Bg3+ {[%clk 00:43:42]} {[%emt 00:00:29]} 54. Kh3 {[%clk 00:30:07]}
{[%emt 00:00:14]} Qh5+ {[%clk 00:43:38]} {[%emt 00:00:19]} 55. Kxg3 {[%clk
00:30:07]} {[%emt 00:00:15]} Kg5 {[%clk 00:43:24]} {[%emt 00:00:30]} 56. Kg2
{[%clk 00:30:08]} {[%emt 00:00:13]} Kg4 {[%clk 00:43:18]} {[%emt 00:00:21]} 57.
Kg1 {[%clk 00:30:15]} {[%emt 00:00:09]} Qh8 {[%clk 00:43:12]} {[%emt 00:00:20]}
58. Kg2 {[%clk 00:30:17]} {[%emt 00:00:13]} Qh3+ {[%clk 00:43:12]} {[%emt
00:00:15]} 59. Kg1 {[%clk 00:30:20]} {[%emt 00:00:11]} Rf1# {[%clk 00:42:46]}
{[%emt 00:00:15]} 0-1

[Event "DEM U8 2024"]
[Site "Willingen GER"]
[Date "2024.05.23"]
[Round "3"]
[White "Fritsch, Julian"]
[Black "Jiang, Luca"]
[Result "0-1"]
[Termination "normal"]
[Board "21"]
[WhiteElo "1136"]
[BlackElo "1098"]
[WhiteClock "00:37:46"]
[BlackClock "00:55:57"]
[PlyCount "52"]
[WhiteFideId "34626964"]
[EventCountry "GER"]
[EventRounds "7"]
[EventType "swiss"]
[EventDate "2024.05.21"]

1. e4 {[%clk 01:00:29]} e5 {[%clk 01:00:22]} {[%emt 00:00:09]} 2. Nf3 {[%clk
01:00:36]} {[%emt 00:00:07]} Nc6 {[%clk 01:00:28]} {[%emt 00:00:09]} 3. Bc4
{[%clk 01:00:40]} {[%emt 00:00:10]} Bc5 {[%clk 01:00:35]} {[%emt 00:00:08]} 4.
c3 {[%clk 01:00:34]} {[%emt 00:00:21]} d6 {[%clk 01:00:38]} {[%emt 00:00:12]}
5. d4 {[%clk 01:00:31]} {[%emt 00:00:19]} exd4 {[%clk 01:00:39]} {[%emt
00:00:14]} 6. cxd4 {[%clk 01:00:38]} {[%emt 00:00:06]} Bb6 {[%clk 01:00:29]}
{[%emt 00:00:26]} 7. Bf4 {[%clk 00:59:53]} {[%emt 00:01:01]} Nf6 {[%clk
01:00:32]} {[%emt 00:00:10]} 8. Nc3 {[%clk 00:58:42]} {[%emt 00:01:27]} Bg4
{[%clk 01:00:12]} {[%emt 00:00:34]} 9. Qd3 {[%clk 00:58:46]} {[%emt 00:00:12]}
Bxf3 {[%clk 01:00:00]} {[%emt 00:00:27]} 10. Qxf3 {[%clk 00:58:00]} {[%emt
00:01:00]} Nxd4 {[%clk 01:00:08]} {[%emt 00:00:09]} 11. Qd3 {[%clk 00:56:27]}
{[%emt 00:01:47]} O-O {[%clk 00:59:50]} {[%emt 00:00:31]} 12. O-O {[%clk
00:54:35]} {[%emt 00:02:07]} Qd7 {[%clk 00:59:13]} {[%emt 00:00:53]} 13. Be3
{[%clk 00:52:35]} {[%emt 00:02:17]} Ne6 {[%clk 00:59:12]} {[%emt 00:00:16]} 14.
Bxe6 {[%clk 00:51:50]} {[%emt 00:00:59]} Qxe6 {[%clk 00:59:19]} {[%emt
00:00:09]} 15. Bxb6 {[%clk 00:51:22]} {[%emt 00:00:43]} axb6 {[%clk 00:59:23]}
{[%emt 00:00:12]} 16. Rfe1 {[%clk 00:49:27]} {[%emt 00:02:09]} Rfe8 {[%clk
00:59:19]} {[%emt 00:00:18]} 17. Re3 {[%clk 00:48:26]} {[%emt 00:01:17]} Ra5
{[%clk 00:58:44]} {[%emt 00:00:49]} 18. Rae1 {[%clk 00:47:28]} {[%emt
00:01:14]} c5 {[%clk 00:56:58]} {[%emt 00:02:01]} 19. Rg3 {[%clk 00:45:32]}
{[%emt 00:02:09]} c4 {[%clk 00:56:25]} {[%emt 00:00:48]} 20. Qf3 {[%clk
00:45:08]} {[%emt 00:00:39]} Re5 {[%clk 00:55:52]} {[%emt 00:00:48]} 21. b3
{[%clk 00:40:31]} {[%emt 00:04:53]} cxb3 {[%clk 00:55:54]} {[%emt 00:00:14]}
22. axb3 {[%clk 00:40:36]} {[%emt 00:00:10]} Nxe4 {[%clk 00:56:00]} {[%emt
00:00:09]} 23. Nxe4 {[%clk 00:40:34]} {[%emt 00:00:16]} Rxe4 {[%clk 00:56:10]}
{[%emt 00:00:05]} 24. Rxe4 {[%clk 00:40:04]} {[%emt 00:00:45]} Qxe4 {[%emt
00:02:10]} 25. Qe3 {[%clk 00:37:48]} {[%emt 00:00:26]} Qb1+ {[%clk 00:56:12]}
{[%emt 00:00:24]} 26. Qc1 {[%clk 00:37:46]} {[%emt 00:00:14]} Qxc1# {[%clk
00:55:57]} {[%emt 00:00:10]} 0-1

[Event "DEM U8 2024"]
[Site "Willingen GER"]
[Date "2024.05.23"]
[Round "3"]
[White "Zielke, Antonin"]
[Black "Guan, Guoyou"]
[Result "0-1"]
[Termination "normal"]
[Board "22"]
[WhiteElo "1519"]
[BlackElo "1136"]
[WhiteClock "00:48:36"]
[BlackClock "00:54:16"]
[PlyCount "76"]
[WhiteFideId "34661824"]
[BlackFideId "34649492"]
[EventCountry "GER"]
[EventRounds "7"]
[EventType "swiss"]
[EventDate "2024.05.21"]

1. e4 {[%clk 01:00:29]} e5 {[%clk 01:00:24]} {[%emt 00:00:07]} 2. Nf3 {[%clk
01:00:39]} {[%emt 00:00:04]} Nc6 {[%clk 01:00:28]} {[%emt 00:00:12]} 3. Bc4
{[%clk 01:00:46]} {[%emt 00:00:07]} Nf6 {[%clk 01:00:33]} {[%emt 00:00:09]} 4.
d3 {[%clk 01:00:53]} {[%emt 00:00:08]} d5 {[%clk 01:00:39]} {[%emt 00:00:10]}
5. exd5 {[%clk 01:00:52]} {[%emt 00:00:16]} Nxd5 {[%clk 01:00:37]} {[%emt
00:00:17]} 6. O-O {[%clk 01:00:49]} {[%emt 00:00:17]} Bg4 {[%clk 01:00:45]}
{[%emt 00:00:08]} 7. h3 {[%clk 01:00:47]} {[%emt 00:00:16]} Bh5 {[%clk
01:00:51]} {[%emt 00:00:09]} 8. Re1 {[%clk 01:00:54]} {[%emt 00:00:07]} f6
{[%clk 01:00:43]} {[%emt 00:00:24]} 9. g4 {[%clk 01:00:33]} {[%emt 00:00:36]}
Bg6 {[%clk 01:00:39]} {[%emt 00:00:19]} 10. d4 {[%clk 01:00:28]} {[%emt
00:00:20]} Qd6 {[%clk 01:00:18]} {[%emt 00:00:35]} 11. Nc3 {[%clk 00:58:25]}
{[%emt 00:02:20]} Bf7 {[%clk 01:00:17]} {[%emt 00:00:15]} 12. Nxd5 {[%clk
00:57:53]} {[%emt 00:00:48]} Bxd5 {[%clk 01:00:17]} {[%emt 00:00:14]} 13. Qd3
{[%clk 00:57:03]} {[%emt 00:01:03]} Be7 {[%clk 00:59:37]} {[%emt 00:00:55]} 14.
dxe5 {[%clk 00:56:05]} {[%emt 00:01:15]} Bxc4 {[%clk 00:59:17]} {[%emt
00:00:35]} 15. exd6 {[%clk 00:55:51]} {[%emt 00:00:28]} Bxd3 {[%clk 00:59:16]}
{[%emt 00:00:15]} 16. dxe7 {[%clk 00:55:19]} {[%emt 00:00:48]} Bxc2 {[%clk
00:59:08]} {[%emt 00:00:24]} 17. Re2 {[%clk 00:54:30]} {[%emt 00:01:03]} Bd1
{[%clk 00:59:08]} {[%emt 00:00:15]} 18. Re1 {[%clk 00:54:21]} {[%emt 00:00:23]}
Bxf3 {[%clk 00:59:03]} {[%emt 00:00:21]} 19. Re3 {[%clk 00:54:02]} {[%emt
00:00:35]} Ne5 {[%clk 00:58:32]} {[%emt 00:00:46]} 20. b3 {[%clk 00:54:00]}
{[%emt 00:00:16]} Kf7 {[%clk 00:58:27]} {[%emt 00:00:21]} 21. Bb2 {[%clk
00:54:02]} {[%emt 00:00:12]} Bc6 {[%clk 00:58:16]} {[%emt 00:00:25]} 22. Bxe5
{[%clk 00:53:49]} {[%emt 00:00:28]} fxe5 {[%clk 00:58:14]} {[%emt 00:00:18]}
23. Rxe5 {[%clk 00:53:43]} {[%emt 00:00:20]} Rhe8 {[%emt 00:01:39]} 24. Rh5
{[%clk 00:52:36]} Rxe7 {[%clk 00:58:00]} {[%emt 00:00:28]} 25. Rxh7 {[%clk
00:52:35]} {[%emt 00:00:15]} Rae8 {[%clk 00:57:42]} {[%emt 00:00:31]} 26. Kh2
{[%clk 00:52:29]} {[%emt 00:00:19]} Re5 {[%clk 00:57:27]} {[%emt 00:00:33]} 27.
a4 {[%clk 00:52:20]} {[%emt 00:00:26]} Kg6 {[%clk 00:57:18]} {[%emt 00:00:22]}
28. Rh4 {[%clk 00:52:24]} {[%emt 00:00:11]} Re1 {[%clk 00:56:49]} {[%emt
00:00:45]} 29. Ra2 {[%clk 00:51:58]} {[%emt 00:00:32]} R1e2 {[%clk 00:56:36]}
{[%emt 00:00:36]} 30. Ra3 {[%clk 00:50:28]} {[%emt 00:01:46]} Rxf2+ {[%clk
00:55:57]} {[%emt 00:00:54]} 31. Kg3 {[%clk 00:50:32]} {[%emt 00:00:11]} Rf3+
{[%clk 00:55:32]} {[%emt 00:00:41]} 32. Kh2 {[%clk 00:50:22]} {[%emt 00:00:23]}
Re2+ {[%clk 00:55:23]} {[%emt 00:00:26]} 33. Kg1 {[%clk 00:50:19]} {[%emt
00:00:16]} Rff2 {[%clk 00:54:32]} {[%emt 00:01:07]} 34. a5 {[%clk 00:48:51]}
{[%emt 00:01:43]} Bb5 {[%clk 00:54:25]} {[%emt 00:00:23]} 35. b4 {[%clk
00:48:53]} {[%emt 00:00:13]} Rg2+ {[%clk 00:54:21]} {[%emt 00:00:19]} 36. Kf1
{[%clk 00:48:53]} {[%emt 00:00:15]} Ra2+ {[%clk 00:54:17]} {[%emt 00:01:34]}
37. Rd3 {[%clk 00:48:34]} {[%emt 00:00:47]} Bxd3+ {[%clk 00:54:16]} {[%emt
00:00:16]} 38. Ke1 {[%clk 00:48:36]} {[%emt 00:00:11]} Ra1# {[%clk 00:54:16]}
{[%emt 00:00:43]} 0-1